Central Library OPAC University of Rajshahi
Normal view MARC view

Entry Topical Term

Number of records used in: 2

001 - CONTROL NUMBER

  • control field: 2128

003 - CONTROL NUMBER IDENTIFIER

  • control field: BD-RjUL

005 - DATE AND TIME OF LATEST TRANSACTION

  • control field: 20220329145522.0

008 - FIXED-LENGTH DATA ELEMENTS

  • fixed length control field: 220329|| aca||aabn | a|a d

040 ## - CATALOGING SOURCE

  • Original cataloging agency: BD-RjUL
  • Transcribing agency: BD-RjUL

150 ## - HEADING--TOPICAL TERM

  • Topical term or geographic name entry element: Fluid Mechanics
  • Form subdivision: Hydromagnetic
  • General subdivision: Viscosity and friction

670 ## - SOURCE DATA FOUND

  • Source citation: Work cat.: (BD-RjUL)79633: Rahman, Md. Monsur 2127, Studies on Hydromagnetic Stabilty of Newtonian and Non-Newtonian Fluid /, 2004